Central Library OPAC University of Rajshahi

Cell differentiation / (Record no. 72838)

MARC details
000 -LEADER
fixed length control field 00953nam a2200289 a 4500
001 - CONTROL NUMBER
control field 72838
003 - CONTROL NUMBER IDENTIFIER
rucl marc code BD-RJUL
005 - DATE AND TIME OF LATEST TRANSACTION
control field 20211209082321.0
008 - FIXED-LENGTH DATA ELEMENTS--GENERAL INFORMATION
fixed length control field 170524s1963 nyua b 001 0 eng d
035 ## - SYSTEM CONTROL NUMBER
System control number (BD-RJUL)73056
040 ## - CATALOGING SOURCE
Original cataloging agency DLC
Transcribing agency DLC
Modifying agency OCL
-- BD-RJUL
Language of cataloging eng
041 ## - LANGUAGE CODE
Language code of text/sound track or separate title eng
082 ## - DEWEY DECIMAL CLASSIFICATION NUMBER
Classification number 571.835
Edition number 23
Author mark and year CEL 1963
110 ## - MAIN ENTRY--CORPORATE NAME
Corporate name or jurisdiction name as entry element Society for Experimental Biology
9 (RLIN) 215438
245 00 - TITLE STATEMENT
Title Cell differentiation /
260 ## - PUBLICATION, DISTRIBUTION, ETC. (IMPRINT)
Place of publication, distribution, etc. Cambridge :
Name of publisher, distributor, etc. At the University Press,
Date of publication, distribution, etc. c1963.
300 ## - PHYSICAL DESCRIPTION
Pagination vi, 404 p. :
Illustrations ill. ;
Size 26 cm
490 ## - SERIES STATEMENT
Series statement Symposia of the Society for Experimental Biology
Volume/sequential designation no. 17.
504 ## - BIBLIOGRAPHY, ETC. NOTE
Bibliography, etc Includes bibliographical references
650 #0 - SUBJECT ADDED ENTRY--TOPICAL TERM
Topical term or geographic name as entry element Cell differentiation
9 (RLIN) 215435
Topical term or geographic name as entry element Cell differentiation
9 (RLIN) 215435
Topical term or geographic name as entry element Cytogenetics
9 (RLIN) 215436
700 ## - ADDED ENTRY--PERSONAL NAME
Personal name Society for Experimental Biology
856 ## - ELECTRONIC LOCATION AND ACCESS
Materials specified Symposia of the Society for Experimental Biology
Uniform Resource Identifier <a href=" no. 17. "> no. 17. </a>
942 ## - ADDED ENTRY ELEMENTS (KOHA)
Source of classification or shelving scheme Dewey Decimal Classification
Koha item type Books
Holdings
Lost status Source of classification or shelving scheme Damaged status Not for loan Collection code Permanent Location Current Location Shelving location Date acquired Source of acquisition Total Checkouts Full call number Date last seen Copy number Koha item type Cost, normal purchase price
  Dewey Decimal Classification   Not For Loan Non-fiction Central Library, University of Rajshahi Central Library, University of Rajshahi Reading Room 11/03/1970 Zeetlinger   571.835 CEL 1963 24/05/2017 C-1 Books  
  Dewey Decimal Classification     Non-fiction Central Library, University of Rajshahi Central Library, University of Rajshahi   11/03/1970 Zeetlinger   571.835 CEL 1963 24/05/2017 C-2 Books 63.00